000 00709nab a2200217u 4500
001 19394
003 HDC
007 c| |||a|c|aaaa
008 210227b20091104my ||||o |||| 00| 0 eng d
040 _aHDC
245 0 _aAsda Named Best National Retailer for World Foods
336 _atext
_2rdacontent
337 _acomputer
_2rdamedia
338 _aonline resource
_2rdacarrier
650 _aBest National Retailer
_917850
650 _aWorld Food Awards 2009
_917851
856 _zRequest full-text at [email protected]
942 _2lcc
942 _cNEWS
942 _kNWS0 003553
999 _c16710
_d16710